| 000 | 00655nam a22001937a 4500 | ||
|---|---|---|---|
| 003 | OSt | ||
| 005 | 20251106053716.0 | ||
| 008 | 251106b |||||||| |||| 00| 0 eng d | ||
| 020 | _a978-621-427-0538 | ||
| 040 |
_aDWCL-Main lib _cOC |
||
| 082 | _aFil. 658.8342 M539c 2019 | ||
| 100 | _aMendoza, Ernesto H. | ||
| 245 |
_aConsumer behavior: _bdynamics, dimension & models/ _cErnesto H. Mendoza |
||
| 260 |
_aManila: _b Unlimited books publishing Inc., _cc2019. |
||
| 300 | _axii, 406 pages : illustrations ; 25cm. | ||
| 504 | _aIncludes glossary and bibliographical references | ||
| 650 | _a1. Consumer Behavior | ||
| 942 |
_2ddc _cBK - FIL _kFil. _n0 |
||
| 999 |
_c5575 _d5575 |
||